| 000 | 00671nam a2200205 i 4500 | ||
|---|---|---|---|
| 001 | 159628 | ||
| 003 | ES-MaACL | ||
| 005 | 20251009181736.0 | ||
| 008 | 950105s1846 fr |||| | fre d | ||
| 040 |
_aEUS _bspa _cEUS |
||
| 100 | 1 |
_aMignet, François- Auguste- Alexis. _9129909 |
|
| 245 | 1 | 0 |
_aAntonio Pérez et Philippe II / _cpar Mignet. |
| 250 | _a2e éd. rev. et augm. | ||
| 260 |
_aParis : _bchez Paulin, _c1846 ( _fLacrampe et Comp.) |
||
| 300 |
_aX, 458 p. ; _c22 cm. |
||
| 600 | 0 | 4 |
_aPérez, Antonio, _d1540-1611 _990557 |
| 651 | 4 |
_aEspaña- _xHistoria- _y1556-1598, Felipe II. _98218 |
|
| 852 |
_aES-MaACL _jC-377 _z-- Enc. hol. |
||
| 999 |
_c159628 _d159628 |
||